000 00474cam a2200181ua 4500
001 6540
008 140311n ii |||gr||||Z||||||asm
040 _cMAIN
082 _a657.45
245 _aHisap parikshan bijnan
_cBy Purneswar bordoloi
250 _a2nd ed.
260 _aGuwahati:
_bUniversity publication department,
_c1988.
300 _ax,330p.
653 _aAccounting
653 _aHisap parikshan bijnan
700 _aBordoloi,Purneswar,
_eAuthor.
942 _cBK
999 _c5689
_d5689